000 00665nam a2200193 4500
001 121727
003 ES-MaACL
005 20230906191817.0
007 t|
008 070214s1948 sp r ||||1| spa d
100 1 _aPlaza, Manuel de la.
_992622
245 1 0 _aOrganización jurídica del Marruecos español /
_cpor Manuel de la Plaza.
260 _aMadrid :
_b[Escuela Social de Madrid],
_c1948 (
_fGráf. Barragán)
300 _a35 p. ;
_c24 cm.
594 _aPrecede al tít.: Ministerio de Trabajo. Escuela Social de Madrid.
651 4 _aMarruecos-
_xAdministración.
_9159154
710 2 _aEscuela Social de Madrid.
_93593
852 _aES-MaACL
_j1885-F-11
999 _c121727
_d121727